000
00245nam a2200121Ia 4500
100
_a
CNC times/ Yamazaki mazak
942
_c
BK
654
_a
CNC
245
_a
Traning on CNC Programming
260
_b
none
300
_a
106
546
_a
ENGLISH
999
_c
33483
_d
33483